Chinese made easy 2- textbook / (Record no. 109470)
[ view plain ]
| 000 -LEADER | |
|---|---|
| fixed length control field | 00351nam a2200133 a 4500 |
| 005 - DATE AND TIME OF LATEST TRANSACTION | |
| control field | 20140414093844.0 |
| 008 - FIXED-LENGTH DATA ELEMENTS--GENERAL INFORMATION | |
| fixed length control field | 091012s19uu xx 00 eng d |
| 050 ## - LIBRARY OF CONGRESS CALL NUMBER | |
| Classification number | CDB 495.18242 |
| Item number | CHI-2 2006 |
| 100 ## - MAIN ENTRY--PERSONAL NAME | |
| Personal name | Yamin Ma |
| 245 ## - TITLE STATEMENT | |
| Title | Chinese made easy 2- textbook / |
| Statement of responsibility, etc | Yamin Ma. |
| 650 ## - SUBJECT ADDED ENTRY--TOPICAL TERM | |
| Topical term or geographic name as entry element | Chinese language |
| General subdivision | Grammar. |
| 942 ## - ADDED ENTRY ELEMENTS (KOHA) | |
| Koha item type | Audio Visual Materials |
| Withdrawn status | Lost status | Damaged status | Home library | Current library | Shelving location | Date acquired | Source of acquisition | Total Checkouts | Full call number | Barcode | Date last seen | Price effective from | Koha item type |
|---|---|---|---|---|---|---|---|---|---|---|---|---|---|
| Luxembourg Library | Luxembourg Library | Audio Visual Material Section | 10/12/2009 | CDB 495.18242 CHI-2 2006 | AV1120 | 04/14/2014 | 04/14/2014 | Audio Visual Materials |